| 000 | 01024cam a22002774a 4500 | ||
|---|---|---|---|
| 001 | 11800136 | ||
| 005 | 20180314044253.0 | ||
| 008 | 991001s2000 paua bf 001 0 eng c | ||
| 010 | _a 99048209 | ||
| 020 | _a0721684343 | ||
| 035 | _a(DNLM)100897238 | ||
| 040 |
_aDNLM/DLC _cDLC _dDLC |
||
| 041 | _aeng | ||
| 042 | _apcc | ||
| 060 | 1 | 0 |
_aWB 39 _bJ38p 2000 |
| 080 | _a616.0754 JAR | ||
| 082 | 0 | 0 |
_a616.0754 JAR _221 |
| 100 | 1 | _a8 | |
| 101 | _aEGZ | ||
| 245 | 1 | 0 |
_aPocket companion for Physical examination and health assessment / _cCarolyn Jarvis ; original illustrations by Pat Thomas ; assessment photographs by Kevin Strandberg.. |
| 246 | 3 | 0 | _aPhysical examination and health assessment |
| 504 | _aIncludes bibliographical references (p. 293) and index. | ||
| 906 |
_a7 _bcbc _corignew _d1 _eocip _f19 _gy-gencatlg |
||
| 942 |
_2ddc _cBK |
||
| 999 |
_c44947 _d44947 |
||